| 000 | 00536cam a2200169 4500 | ||
|---|---|---|---|
| 020 |
_a0521201144 _a0521097894 (pbk) |
||
| 082 | 0 | 0 |
_a621.38102462 _bAHM |
| 100 | 1 |
_aAhmed, H. _941727 |
|
| 245 | 1 | 0 |
_aElectronics for engineers; _ban introduction _c[by] H. Ahmed & P. J. Spreadbury. |
| 260 |
_aCambridge [Eng.] _bUniversity Press, _c1973. |
||
| 300 |
_axii, 258 p. _billus. _c24 cm. |
||
| 526 |
_a0 _b0 _c0 _d621_381024620000000_AHM |
||
| 650 | 0 | _aElectronics. | |
| 650 | 0 |
_aMCE _9379 |
|
| 700 | 1 |
_aSpreadbury, P. J., _941728 |
|
| 942 |
_2ddc _cBK |
||
| 999 |
_c545773 _d545773 |
||